Practical and Viva community medicine / (Record no. 39200)

MARC details
000 -LEADER
fixed length control field 00685nam a22001937a 4500
005 - DATE AND TIME OF LATEST TRANSACTION
control field 20100804122956.0
010 ## - LCCN (DPL NO)
LC control number ENG-98211
020 ## - INTERNATIONAL STANDARD BOOK NUMBER
International Standard Book Number 9788188132195
Terms of availability 400.00
035 ## - SYSTEM CONTROL NUMBER
System control number EN-81744
037 ## - SOURCE OF ACQUISITION
Source of stock number/acquisition DBAD/PUB
082 ## - DEWEY DECIMAL CLASSIFICATION NUMBER
Classification number 614.4
100 ## - MAIN ENTRY--PERSONAL NAME
Personal name Kishore, J.
245 ## - TITLE STATEMENT
Title Practical and Viva community medicine /
Statement of responsibility, etc by J. Kishore
260 ## - PUBLICATION, DISTRIBUTION, ETC. (IMPRINT)
Place of publication, distribution, etc New Delhi
Name of publisher, distributor, etc Century Publications
Date of publication, distribution, etc 2010
270 ## - ADDRESS
Address Po. New Friends Colony Community Center
City New Delhi
Postal code 110025
300 ## - PHYSICAL DESCRIPTION
Extent 450 p.
Other physical details 25cm (Pbk)
942 ## - ADDED ENTRY ELEMENTS (KOHA)
Source of classification or shelving scheme Dewey Decimal Classification
Item type English Books
Classification part 614.4
Call number suffix KIS
Holdings
Withdrawn status Lost status Not for loan Collection code Home library Current library Date acquired Cost, normal purchase price Full call number Barcode Copy number Cost, replacement price Koha item type
    Not For Loan Non-fiction D.B.Act.Division D.B.Act.Division 04/08/2010 400.00 614.4 KIS EN-81744 1 400.00 English Books

© Delhi Public Library
Hit Counter
free hit counter